Symposium on continuous analysis of industrial water and industrial waste water ; presented at the fifty-fifth annual meeting (fiftieth anniversary meeting) American Society for Testing Materials, New York, N.Y., June 24, 1952.

Bibliographic Details
Corporate Author: American Society for Testing Materials
Format: Book
Language:English
Published: Philadelphia, [publisher not identified] ; [1953]
Series:ASTM special technical publication ; no. 130.
Subjects:

MARC

Tag First Indicator Second Indicator Subfields
LEADER 00000cam a2200000 4500
001 in00000706621
005 20151016052240.0
008 770303s1953 paua b 00010 eng
010 |a  53003294  
035 |a (OCoLC)02774521 
035 |9 ADB5728AM 
040 |a DLC  |c GAT  |d OCL  |d TXA  |d UtOrBLW 
049 |a TXAM  |c [377588] 
050 0 0 |a TD380  |b .A5 1952 
082 0 |a 543.3 
110 2 |a American Society for Testing Materials. 
245 1 0 |a Symposium on continuous analysis of industrial water and industrial waste water ;  |b presented at the fifty-fifth annual meeting (fiftieth anniversary meeting) American Society for Testing Materials, New York, N.Y., June 24, 1952. 
264 1 |a Philadelphia,  |b [publisher not identified] ;  |c [1953] 
300 |a 54 pages :  |b illustrations ;  |c 23 cm. 
336 |a text  |b txt  |2 rdacontent 
337 |a unmediated  |b n  |2 rdamedia 
338 |a volume  |b nc  |2 rdacarrier 
490 1 |a American Society for Testing Materials. Special technical publication ;  |v no. 130 
500 |a "Sponsored by Committee D-19 on Industrial Water." 
504 |a Includes bibliographies. 
650 0 |a Water  |x Analysis. 
740 0 |a Continuous analysis of industrial water and industrial waste water. 
830 0 |a ASTM special technical publication ;  |v no. 130. 
999 |a MARS 
999 f f |s b48b4e8e-aaab-3ed5-ad6c-2b278421e8d3  |i e5c8e94c-7b66-38c9-86ce-9e7c137cd179  |t 0 
952 f f |p ric  |a Texas A&M University  |b Rellis Campus  |c Joint Library Facility  |d Remote Storage  |t 0  |e TD380 .A5 1952  |h Library of Congress classification  |i unmediated -- volume  |m A14805362420 
998 f f |a TD380 .A5 1952  |t 0  |l Remote Storage